HunOr A Hungarian-Russian Parallel Corpus /

Elmentve itt :
Bibliográfiai részletek
Szerzők: Szabó Martina Katalin
Vincze Veronika
Nagy T. István
Dokumentumtípus: Könyv része
Megjelent: European Language Resources Association (ELRA) Istanbul 2012
Sorozat:Proceedings of the Eigth International Conference on Language Resources and Evaluation (LREC'12)
mtmt:2176470
Online Access:http://publicatio.bibl.u-szeged.hu/8774
LEADER 00937naa a2200217 i 4500
001 publ8774
005 20190607101707.0
008 170206s2012 hu o 0|| angol d
020 |a 978-2-9517408-7-7 
024 7 |a 2176470  |2 mtmt 
040 |a SZTE Publicatio Repozitórium  |b hun 
041 |a angol 
100 1 |a Szabó Martina Katalin 
245 1 0 |a HunOr  |h [elektronikus dokumentum] :  |b A Hungarian-Russian Parallel Corpus /  |c  Szabó Martina Katalin 
260 |a European Language Resources Association (ELRA)  |b Istanbul  |c 2012 
300 |a 2453-2458 
490 0 |a Proceedings of the Eigth International Conference on Language Resources and Evaluation (LREC'12) 
700 0 1 |a Vincze Veronika  |e aut 
700 0 2 |a Nagy T. István  |e aut 
856 4 0 |u http://publicatio.bibl.u-szeged.hu/8774/1/HunOr_A_Hungarian_Russian_Parallel_Corpu.pdf  |z Dokumentum-elérés  
856 4 0 |u http://publicatio.bibl.u-szeged.hu/8774/7/2060962_tartj.pdf  |z Dokumentum-elérés